[Event "DVM U12 2015"]
[Site "Magdeburg GER"]
[Date "2015.12.29"]
[Round "6"]
[White "Goltser, Ilja"]
[Black "Hardt, Anton"]
[Result "1-0"]
[Termination "normal"]
[Board "3.3"]
[WhiteElo "1504"]
[BlackElo "1270"]
[WhiteTeam "Hamburger SK von 1830"]
[BlackTeam "SK Mannheim-Lindenhof 1865"]
[PlyCount "119"]
[WhiteFideId "14174782"]
[BlackFideId "16239466"]
[EventCountry "GER"]
[EventRounds "7"]
[EventType "team-swiss"]
[EventDate "2015.12.26"]

1. d4 d5 2. c4 e6 3. Nc3 Nf6 4. Bg5 Be7 5. Nf3 h6 6. Bf4 O-O 7. e3 a6 8. Qc2
Nbd7 9. cxd5 exd5 10. Bd3 Re8 11. a3 Nf8 12. Rc1 Ne6 13. Bg3 b6 14. Ne5 Rf8 15.
Nc6 Qd7 16. Nxe7+ Qxe7 17. O-O Bb7 18. Ne2 Rac8 19. Nf4 Ng5 20. Bf5 Ne6 21.
Bxe6 fxe6 22. Ng6 Qf7 23. Nxf8 Kxf8 24. Qb3 Kg8 25. Rc2 Ne4 26. Be5 Nd6 27.
Bxd6 cxd6 28. Rxc8+ Bxc8 29. Qxb6 Qd7 30. Rc1 e5 31. Qb8 Kh7 32. Qxc8 Qxc8 33.
Rxc8 Kg6 34. dxe5 dxe5 35. Rd8 Kf7 36. Rxd5 Ke6 37. e4 g5 38. Ra5 h5 39. Rxa6+
Kd7 40. f3 Ke7 41. Kf2 Kf7 42. Ke3 Ke7 43. Kd3 Kd7 44. Kc4 Kc7 45. Kc5 Kd7 46.
Rb6 Ke7 47. Kd5 Kf7 48. Kxe5 Kg7 49. Kf5 Kh7 50. Kxg5 Kg7 51. Rb7+ Kf8 52. Kg6
Ke8 53. Kf6 Kd8 54. Ke6 Kc8 55. Rh7 Kd8 56. Rg7 Kc8 57. Kd6 Kb8 58. Kc6 Ka8 59.
Kb6 Kb8 60. Rg8# 1-0

[Event "DVM U12 2015"]
[Site "Magdeburg GER"]
[Date "2015.12.29"]
[Round "6"]
[White "Wagner, Leopold Franziskus"]
[Black "Stirnberg, Noah"]
[Result "1-0"]
[Termination "normal"]
[Board "4.1"]
[WhiteElo "1897"]
[BlackElo "1688"]
[WhiteTeam "BSG Grün-Weiß Leipzig"]
[BlackTeam "SK Blauer Springer Paderborn 1926"]
[PlyCount "89"]
[WhiteFideId "1641581"]
[BlackFideId "16207742"]
[EventCountry "GER"]
[EventRounds "7"]
[EventType "team-swiss"]
[EventDate "2015.12.26"]

1. e4 c5 2. Nf3 d6 3. d4 cxd4 4. Nxd4 Nf6 5. f3 e5 6. Nb5 a6 7. N5a3 Be7 8. Be2
Be6 9. Be3 Nc6 10. c4 O-O 11. O-O Rc8 12. Qd2 Nd7 13. Nc3 Qa5 14. Rfd1 Rfd8 15.
Rac1 Nc5 16. Nd5 Qxd2 17. Nxe7+ Nxe7 18. Rxd2 Rc6 19. Rcd1 b6 20. b4 Nd7 21. b5
Rc7 22. Rxd6 Nc8 23. Bxb6 Ncxb6 24. Rxb6 Rdc8 25. Rxa6 Nc5 26. Rad6 g6 27. Rd8+
Rxd8 28. Rxd8+ Kg7 29. Rd2 f5 30. exf5 gxf5 31. Nc2 Na4 32. Nb4 Nc3 33. Rc2
Nxe2+ 34. Rxe2 Rxc4 35. Rb2 Bc8 36. a4 Rc1+ 37. Kf2 Ra1 38. Ra2 Rb1 39. Nd3 Kf6
40. Rb2 Ra1 41. Rc2 e4 42. fxe4 fxe4 43. Nc5 Bf5 44. Ke3 Ra3+ 45. Kd4 1-0

[Event "DVM U12 2015"]
[Site "Magdeburg GER"]
[Date "2015.12.29"]
[Round "6"]
[White "Brockhoff, Moritz"]
[Black "Nguyen, Alex Dac-Vuong"]
[Result "0-1"]
[Termination "normal"]
[Board "4.2"]
[WhiteElo "1497"]
[BlackElo "1873"]
[WhiteTeam "SK Blauer Springer Paderborn 1926"]
[BlackTeam "BSG Grün-Weiß Leipzig"]
[PlyCount "104"]
[WhiteFideId "16214927"]
[BlackFideId "12984388"]
[EventCountry "GER"]
[EventRounds "7"]
[EventType "team-swiss"]
[EventDate "2015.12.26"]

1. d4 Nf6 2. c4 g6 3. Nc3 d5 4. Bf4 Bg7 5. Nf3 O-O 6. e3 dxc4 7. Bxc4 c5 8. Nb5
Na6 9. Ne5 Bd7 10. Qb3 Qa5+ 11. Nc3 Be8 12. O-O cxd4 13. exd4 Qb6 14. Rad1 Qxb3
15. Bxb3 Nb4 16. Rfe1 Rd8 17. Nf3 e6 18. Bc7 Rd7 19. Nb5 a6 20. Bd6 Rxd6 21.
Nxd6 Bc6 22. Ne5 Bd5 23. Bxd5 Nfxd5 24. Nxb7 Rb8 25. Nd6 Nxa2 26. Rd2 Bf8 27.
Nec4 Rd8 28. Nb7 Rc8 29. Nc5 Bxc5 30. dxc5 Rxc5 31. Ne3 Ndb4 32. g3 Nc1 33.
Red1 Nb3 34. Rd8+ Kg7 35. Rb8 a5 36. Rdd8 Rc1+ 37. Kg2 Kf6 38. Rb5 h5 39. Rd7
Nc5 40. Rc7 Nbd3 41. Rxa5 Ne1+ 42. Kh3 Ncd3 43. Nd5+ exd5 44. Ra6+ Kg5 45. f4+
Kh6 46. g4 Rxc7 47. gxh5 Nxf4+ 48. Kg3 Nxh5+ 49. Kh4 Rc4+ 50. Kh3 Kg5 51. Ra4
Rxa4 52. b4 Ra3# 0-1

[Event "DVM U12 2015"]
[Site "Magdeburg GER"]
[Date "2015.12.29"]
[Round "6"]
[White "Haufe, Laurin"]
[Black "Janke, Julian"]
[Result "1-0"]
[Termination "normal"]
[Board "4.3"]
[WhiteElo "1575"]
[BlackElo "1127"]
[WhiteTeam "BSG Grün-Weiß Leipzig"]
[BlackTeam "SK Blauer Springer Paderborn 1926"]
[PlyCount "55"]
[WhiteFideId "12976504"]
[BlackFideId "16229185"]
[EventCountry "GER"]
[EventRounds "7"]
[EventType "team-swiss"]
[EventDate "2015.12.26"]

1. e4 d5 2. exd5 Qxd5 3. Nc3 Qd8 4. d4 Nf6 5. Nf3 e6 6. Bc4 Be7 7. O-O a6 8. a4
b6 9. Qe2 O-O 10. Bg5 Bb7 11. Rfe1 Bxf3 12. Qxf3 Nbd7 13. Rad1 Qc8 14. Ne4 c6
15. Nxf6+ Nxf6 16. Qg3 Nh5 17. Qh4 Bxg5 18. Qxg5 Nf6 19. Re3 h6 20. Qh4 b5 21.
axb5 cxb5 22. Bd3 Nd5 23. Rg3 Nf6 24. Qxf6 g5 25. Rxg5+ hxg5 26. Qxg5+ Kh8 27.
Qh6+ Kg8 28. Qh7# 1-0

[Event "DVM U12 2015"]
[Site "Magdeburg GER"]
[Date "2015.12.29"]
[Round "6"]
[White "Matthiessen, Linus"]
[Black "Rose, Noah"]
[Result "0-1"]
[Termination "normal"]
[Board "4.4"]
[WhiteElo "1237"]
[BlackElo "1547"]
[WhiteTeam "SK Blauer Springer Paderborn 1926"]
[BlackTeam "BSG Grün-Weiß Leipzig"]
[PlyCount "128"]
[WhiteFideId "16222555"]
[BlackFideId "12990191"]
[EventCountry "GER"]
[EventRounds "7"]
[EventType "team-swiss"]
[EventDate "2015.12.26"]

1. d4 Nf6 2. Bf4 g6 3. e3 Bg7 4. Nf3 O-O 5. Bd3 d6 6. Qe2 Nbd7 7. Nbd2 Re8 8.
O-O e5 9. dxe5 dxe5 10. Bg5 h6 11. Bxf6 Nxf6 12. e4 Nh5 13. Nc4 Nf4 14. Qe3
Nxd3 15. cxd3 b6 16. Rfd1 Bb7 17. Rd2 Qe7 18. g3 Rad8 19. Rad1 Qe6 20. b3 Kh7
21. Ne1 f5 22. f3 fxe4 23. dxe4 Rxd2 24. Rxd2 Rf8 25. Kg2 Bf6 26. Re2 Bc8 27.
f4 exf4 28. Qxf4 Qh3+ 29. Kh1 Bg7 30. Ng2 Rxf4 31. gxf4 Qd7 32. Kg1 Bb7 33. Nd2
Qd4+ 34. Kf1 Ba6 35. Nc4 Bxc4 36. bxc4 Qxc4 37. Kf2 Bd4+ 38. Ne3 Qe6 39. Kf3
Qh3+ 40. Kf2 Bxe3+ 41. Rxe3 Qxh2+ 42. Kf3 Qxa2 43. e5 Qe6 44. Rc3 Qh3+ 45. Ke4
Qxc3 46. e6 Qc5 47. Kf3 Qd5+ 48. Kg4 Qxe6+ 49. Kf3 g5 50. fxg5 Kg6 51. gxh6
Kxh6 52. Kf4 Qd5 53. Ke3 Qc4 54. Kf3 Kg5 55. Ke3 Kf5 56. Kf3 Qf4+ 57. Ke2 Qg3
58. Kd2 Ke4 59. Kc2 Kd4 60. Kb2 Kc4 61. Ka2 Kb4 62. Kb1 Qf2 63. Kc1 Kc3 64. Kd1
Qd2# 0-1

[Event "DVM U12 2015"]
[Site "Magdeburg GER"]
[Date "2015.12.29"]
[Round "6"]
[White "Bosselmann, Tom Linus"]
[Black "Hüls, Maximilian"]
[Result "1/2-1/2"]
[Termination "normal"]
[Board "5.1"]
[WhiteElo "1789"]
[BlackElo "1671"]
[WhiteTeam "Lübecker SV von 1873"]
[BlackTeam "SV Mattnetz Berlin"]
[PlyCount "82"]
[WhiteFideId "12983845"]
[BlackFideId "12949698"]
[EventCountry "GER"]
[EventRounds "7"]
[EventType "team-swiss"]
[EventDate "2015.12.26"]

1. Nf3 d5 2. g3 e6 3. Bg2 Bd6 4. d4 f5 5. c4 c6 6. O-O Nf6 7. b3 O-O 8. Bb2 Ne4
9. Nbd2 Nd7 10. Ne1 Bb4 11. Nxe4 fxe4 12. Nc2 Bd6 13. e3 b6 14. f3 exf3 15.
Rxf3 Ba6 16. Qe2 Qe7 17. Raf1 e5 18. Rxf8+ Rxf8 19. Rxf8+ Qxf8 20. Qg4 Qf7 21.
cxd5 cxd5 22. dxe5 Bxe5 23. Qd1 Kh8 24. Bxe5 Nxe5 25. Qxd5 Qxd5 26. Bxd5 g5 27.
Nb4 Bb5 28. Be6 Kg7 29. Bf5 h6 30. Kf2 Kf6 31. e4 Nf7 32. a4 Be8 33. g4 Nd6 34.
Nd3 Nf7 35. Ke3 Ne5 36. Nb4 Bf7 37. Nd5+ Bxd5 38. exd5 Nf7 39. Kd4 Nd6 40. Be6
Ne8 41. b4 Nd6 1/2-1/2

[Event "DVM U12 2015"]
[Site "Magdeburg GER"]
[Date "2015.12.29"]
[Round "6"]
[White "Bui, Bao Anh Le"]
[Black "Rietschel, Tilo"]
[Result "1-0"]
[Termination "normal"]
[Board "5.2"]
[WhiteElo "1675"]
[BlackElo "1692"]
[WhiteTeam "SV Mattnetz Berlin"]
[BlackTeam "Lübecker SV von 1873"]
[PlyCount "65"]
[WhiteFideId "12970719"]
[BlackFideId "16208390"]
[EventCountry "GER"]
[EventRounds "7"]
[EventType "team-swiss"]
[EventDate "2015.12.26"]

1. e4 c5 2. Nf3 d6 3. d4 cxd4 4. Nxd4 Nf6 5. Nc3 g6 6. Be3 Bg7 7. f3 O-O 8. Qd2
Nc6 9. g4 Be6 10. O-O-O Ne5 11. h4 h5 12. gxh5 Nxh5 13. Kb1 Rc8 14. Nd5 Bxd5
15. exd5 Kh7 16. Rg1 Nf6 17. f4 Nc4 18. Bxc4 Rxc4 19. b3 Rc8 20. c4 Qd7 21. f5
gxf5 22. Rdf1 e6 23. Qe2 Ng4 24. Qd3 Ne5 25. Qe2 Rh8 26. Qh5+ Kg8 27. Qg5 Rh7
28. h5 Kh8 29. h6 Bxh6 30. Qf6+ Bg7 31. Rxg7 Rxg7 32. Bh6 Rcg8 33. Rh1 1-0

[Event "DVM U12 2015"]
[Site "Magdeburg GER"]
[Date "2015.12.29"]
[Round "6"]
[White "Silini, Jalel"]
[Black "Stockter, Jasper Enno"]
[Result "0-1"]
[Termination "normal"]
[Board "5.3"]
[WhiteElo "1187"]
[BlackElo "1479"]
[WhiteTeam "Lübecker SV von 1873"]
[BlackTeam "SV Mattnetz Berlin"]
[PlyCount "64"]
[WhiteFideId "16215397"]
[BlackFideId "12957291"]
[EventCountry "GER"]
[EventRounds "7"]
[EventType "team-swiss"]
[EventDate "2015.12.26"]

1. e4 e6 2. d4 d5 3. e5 c5 4. c3 Nc6 5. Nf3 Qb6 6. Be2 Nge7 7. O-O Nf5 8. Bd3
cxd4 9. Bxf5 exf5 10. cxd4 Be6 11. Nc3 Be7 12. Na4 Qc7 13. Bf4 O-O 14. a3 b5
15. Nc3 a6 16. b4 Nxe5 17. Bxe5 Qxc3 18. Rc1 Qxa3 19. Qc2 Rfc8 20. Ra1 Rxc2 21.
Rxa3 Bxb4 22. Raa1 a5 23. Rfc1 Rxc1+ 24. Rxc1 Rc8 25. Rb1 Ba3 26. Bf4 b4 27.
Ra1 a4 28. Ne1 Rc4 29. Be3 b3 30. Nd3 Bf8 31. Nb2 Rc2 32. Nxa4 Ra2 0-1

[Event "DVM U12 2015"]
[Site "Magdeburg GER"]
[Date "2015.12.29"]
[Round "6"]
[White "Karge, Ole Jannes"]
[Black "Maas, Kolja"]
[Result "1-0"]
[Termination "normal"]
[Board "5.4"]
[WhiteElo "1495"]
[BlackElo "1139"]
[WhiteTeam "SV Mattnetz Berlin"]
[BlackTeam "Lübecker SV von 1873"]
[PlyCount "63"]
[WhiteFideId "12957267"]
[BlackFideId "16220420"]
[EventCountry "GER"]
[EventRounds "7"]
[EventType "team-swiss"]
[EventDate "2015.12.26"]

1. e4 e5 2. Nf3 Nf6 3. Nxe5 d6 4. Nf3 Nxe4 5. Nc3 Nxc3 6. bxc3 Be7 7. d4 d5 8.
Bd3 O-O 9. O-O Nd7 10. Re1 c5 11. Ba3 Re8 12. Qd2 c4 13. Bxe7 Rxe7 14. Rxe7
Qxe7 15. Re1 Qf6 16. Re8+ Nf8 17. Bxh7+ Kxh7 18. Rxf8 Qe7 19. Ng5+ Kg6 20. Rxf7
Qxg5 21. Rxg7+ Kxg7 22. Qxg5+ Kf7 23. Qxd5+ Ke7 24. f4 a5 25. f5 Kf6 26. Qd8+
Kxf5 27. d5 b5 28. d6 Bb7 29. Qd7+ Kf6 30. Qxb7 Rh8 31. Qe7+ Kg6 32. d7 1-0

[Event "DVM U12 2015"]
[Site "Magdeburg GER"]
[Date "2015.12.29"]
[Round "6"]
[White "Noever, Niklas"]
[Black "Triantafillidis, Simeon"]
[Result "1-0"]
[Termination "normal"]
[Board "6.1"]
[WhiteElo "1592"]
[BlackElo "1595"]
[WhiteTeam "Rheydter SV 1920"]
[BlackTeam "SF HN-Biberach 1978"]
[PlyCount "101"]
[WhiteFideId "12988642"]
[BlackFideId "12953113"]
[EventCountry "GER"]
[EventRounds "7"]
[EventType "team-swiss"]
[EventDate "2015.12.26"]

1. e4 e5 2. Nf3 Nc6 3. Bb5 a6 4. Ba4 Nf6 5. d3 b5 6. Bb3 Be7 7. c3 d6 8. Be3
Na5 9. Bc2 c5 10. Nbd2 O-O 11. O-O Nc6 12. Re1 Be6 13. Nf1 Rc8 14. Ng3 Qc7 15.
h3 Rfe8 16. Ng5 h6 17. Nf3 Qd7 18. Nh2 a5 19. f4 exf4 20. Bxf4 Rcd8 21. Qd2 Kh7
22. Nf3 Qb7 23. b3 Nd7 24. Rab1 Nde5 25. Nh2 Bf6 26. Rf1 d5 27. Qe2 Ng6 28. Bd2
d4 29. c4 b4 30. Nf5 Qd7 31. Qh5 Bxf5 32. Rxf5 Re5 33. Ng4 Rxf5 34. exf5 Nge5
35. Nxf6+ gxf6 36. Qxh6+ Kg8 37. Qxf6 Qd6 38. Qxd6 Rxd6 39. Bf4 Rf6 40. g4 Kh7
41. Kf2 Rd6 42. Re1 f6 43. g5 Kg7 44. h4 Rd8 45. h5 Nd7 46. h6+ Kg8 47. g6 Nce5
48. Kg3 Re8 49. Bd1 Nf8 50. Bf3 Re7 51. Bd5+ 1-0

[Event "DVM U12 2015"]
[Site "Magdeburg GER"]
[Date "2015.12.29"]
[Round "6"]
[White "Müdder, Melanie"]
[Black "Melzig, Antonio"]
[Result "1-0"]
[Termination "normal"]
[Board "6.3"]
[WhiteElo "1544"]
[BlackElo "1215"]
[WhiteTeam "Rheydter SV 1920"]
[BlackTeam "SF HN-Biberach 1978"]
[PlyCount "99"]
[WhiteFideId "12994103"]
[BlackFideId "16252764"]
[EventCountry "GER"]
[EventRounds "7"]
[EventType "team-swiss"]
[EventDate "2015.12.26"]

1. e4 e5 2. Bc4 c5 3. Nf3 Nc6 4. O-O h6 5. c3 Nf6 6. Re1 Qc7 7. d4 cxd4 8. cxd4
exd4 9. Nxd4 Be7 10. Nf5 O-O 11. Nxe7+ Nxe7 12. e5 Nh7 13. Bb3 Nc6 14. Bf4 b6
15. Qg4 g5 16. Bg3 Qd8 17. Qh5 Ne7 18. Bc2 Kg7 19. h4 Ng6 20. hxg5 hxg5 21. Be4
Rb8 22. e6 d6 23. exf7 Qf6 24. Qxg6+ Qxg6 25. Bxg6 Kxg6 26. Bxd6 Bb7 27. Bxb8
Kxf7 28. Bd6 Re8 29. Rxe8 Kxe8 30. Nc3 Kd7 31. Bg3 Nf6 32. Rd1+ Ke6 33. Nb5 Ne4
34. Re1 Kf5 35. Nd4+ Kg4 36. f3+ Kxg3 37. fxe4 Kf4 38. e5 Bc8 39. e6 Bxe6 40.
Nxe6+ Kg4 41. Re4+ Kh5 42. g4+ Kh6 43. Re5 Kh7 44. Rxg5 Kh8 45. Rg7 a5 46. Rb7
a4 47. g5 a3 48. bxa3 b5 49. g6 b4 50. Rb8# 1-0

[Event "DVM U12 2015"]
[Site "Magdeburg GER"]
[Date "2015.12.29"]
[Round "6"]
[White "Dittmar, Elia"]
[Black "Hansen, Jonah"]
[Result "0-1"]
[Termination "normal"]
[Board "6.4"]
[WhiteElo "1018"]
[BlackElo "1073"]
[WhiteTeam "SF HN-Biberach 1978"]
[BlackTeam "Rheydter SV 1920"]
[PlyCount "158"]
[WhiteFideId "16269098"]
[BlackFideId "16276841"]
[EventCountry "GER"]
[EventRounds "7"]
[EventType "team-swiss"]
[EventDate "2015.12.26"]

1. c4 Nf6 2. d4 e6 3. Nc3 Bb4 4. e3 O-O 5. Nf3 d6 6. a3 Bxc3+ 7. bxc3 Nbd7 8.
Bd3 Re8 9. O-O b6 10. Qc2 Nf8 11. e4 e5 12. Bg5 h6 13. Bxf6 Qxf6 14. d5 Ng6 15.
Qa4 Bg4 16. Be2 Nh4 17. Nxh4 Bxe2 18. Rfc1 Bg4 19. g3 g5 20. Ng2 Bf3 21. Qc6
Rac8 22. Qb7 a5 23. Qc6 g4 24. Qd7 Red8 25. Qf5 Qxf5 26. exf5 f6 27. Nh4 e4 28.
Ng6 Re8 29. Nf4 Kf7 30. Ne6 c6 31. Re1 cxd5 32. cxd5 e3 33. fxe3 Bxd5 34. Nf4
Be4 35. Red1 Rc6 36. Ne6 Bxf5 37. Nd4 Rc5 38. Nxf5 Rxf5 39. Rxd6 Rxe3 40. Rxb6
Rxc3 41. Rb7+ Kg6 42. Rd1 Rxa3 43. Rd8 Ra1+ 44. Kg2 Ra2+ 45. Kg1 Re5 46. Rb1
Ree2 47. Ra8 Rxh2 48. Rg8+ Kf5 49. Rf1+ Ke6 50. Re8+ Kd7 51. Rfe1 Rag2+ 52. Kf1
Rf2+ 53. Kg1 Kc6 54. Rd1 Kb5 55. Rc8 Ka4 56. Rb8 Ka3 57. Rd3+ Ka2 58. Rdb3 Rb2
59. Rxb2+ Rxb2 60. Ra8 Rb5 61. Kf2 Ka3 62. Ke3 a4 63. Kf4 Rb4+ 64. Kf5 Ka2 65.
Kxf6 a3 66. Re8 Rc4 67. Re2+ Kb1 68. Re1+ Rc1 69. Re4 a2 70. Rb4+ Kc2 71. Rb8
a1=Q+ 72. Kg6 Qe5 73. Rc8+ Kb2 74. Rf8 Qg5+ 75. Kf7 Rc6 76. Rg8 Qf6+ 77. Ke8
Rc7 78. Rg7 Qe6+ 79. Kd8 Qc8# 0-1

[Event "DVM U12 2015"]
[Site "Magdeburg GER"]
[Date "2015.12.29"]
[Round "6"]
[White "Astner, Sebastian"]
[Black "Jakob, Georg"]
[Result "1/2-1/2"]
[Termination "normal"]
[Board "7.1"]
[WhiteElo "1678"]
[BlackElo "1459"]
[WhiteTeam "FC Ergolding 1932"]
[BlackTeam "SG Königskinder Hohentübingen"]
[PlyCount "68"]
[WhiteFideId "12979422"]
[BlackFideId "16224221"]
[EventCountry "GER"]
[EventRounds "7"]
[EventType "team-swiss"]
[EventDate "2015.12.26"]

1. e4 c5 2. Nc3 Nc6 3. f4 g6 4. Nf3 Bg7 5. Bc4 e6 6. O-O Nge7 7. d3 d6 8. Qe1
Nd4 9. Nxd4 cxd4 10. Ne2 O-O 11. Ng3 Bd7 12. Bd2 Kh8 13. Qe2 Qc7 14. Rae1 Rae8
15. c3 dxc3 16. bxc3 b5 17. Bb3 Bxc3 18. Rc1 Bd4+ 19. Be3 Qb6 20. Bxd4+ Qxd4+
21. Kh1 Rc8 22. Qd2 d5 23. Ne2 Qb6 24. Qb2+ Kg8 25. Qf6 Qd8 26. Rxc8 Bxc8 27.
Rc1 Bb7 28. e5 Nc6 29. Qxd8 Rxd8 30. Kg1 Kg7 31. a4 b4 32. Kf2 f6 33. exf6+
Kxf6 34. Rc5 Rc8 1/2-1/2

[Event "DVM U12 2015"]
[Site "Magdeburg GER"]
[Date "2015.12.29"]
[Round "6"]
[White "Wang, Xinyuan"]
[Black "Kühne, Maria"]
[Result "0-1"]
[Termination "normal"]
[Board "7.2"]
[WhiteElo "1255"]
[BlackElo "1603"]
[WhiteTeam "SG Königskinder Hohentübingen"]
[BlackTeam "FC Ergolding 1932"]
[PlyCount "60"]
[WhiteFideId "16221494"]
[BlackFideId "12997412"]
[EventCountry "GER"]
[EventRounds "7"]
[EventType "team-swiss"]
[EventDate "2015.12.26"]

1. d4 d5 2. c4 e6 3. Nc3 Nf6 4. cxd5 Nxd5 5. e4 Nxc3 6. bxc3 Nd7 7. Bc4 Nb6 8.
Bb3 c5 9. Nf3 Be7 10. O-O O-O 11. Be3 Qc7 12. Qd2 Rd8 13. Rad1 Bd7 14. Qe2 c4
15. Bc2 Ba4 16. Bxa4 Nxa4 17. Rc1 Ba3 18. Rc2 b5 19. Rb1 Qa5 20. Bd2 Rac8 21.
Ng5 h6 22. Nh3 a6 23. Qg4 Kh7 24. Qh4 Qc7 25. Bf4 Qb7 26. e5 Rh8 27. Re1 Kg8
28. Re3 b4 29. Rg3 Qe4 30. Rd2 Qe1# 0-1

[Event "DVM U12 2015"]
[Site "Magdeburg GER"]
[Date "2015.12.29"]
[Round "6"]
[White "Sowka, Patrick"]
[Black "Aptyka, Tim"]
[Result "1-0"]
[Termination "normal"]
[Board "7.3"]
[WhiteElo "1418"]
[BlackElo "1298"]
[WhiteTeam "FC Ergolding 1932"]
[BlackTeam "SG Königskinder Hohentübingen"]
[PlyCount "79"]
[WhiteFideId "16234944"]
[BlackFideId "16255860"]
[EventCountry "GER"]
[EventRounds "7"]
[EventType "team-swiss"]
[EventDate "2015.12.26"]

1. d4 Nf6 2. c4 e6 3. Nf3 Bb4+ 4. Bd2 c5 5. e3 d6 6. Bd3 b6 7. Bxb4 cxb4 8.
Qa4+ Nbd7 9. Qxb4 Qc7 10. Nc3 a5 11. Nb5 Qc6 12. Qxd6 Qxd6 13. Nxd6+ Ke7 14.
Nxc8+ Raxc8 15. Ke2 Rhd8 16. Rac1 Kf8 17. Rc3 Rc6 18. a3 Rdc8 19. Ra1 b5 20. c5
Nd5 21. Rb3 Rb8 22. Rxb5 Kg8 23. Rxb8+ Nxb8 24. Be4 Nd7 25. Bxd5 exd5 26. b4
axb4 27. axb4 f6 28. b5 Rc8 29. b6 Rb8 30. Ra7 Nxb6 31. cxb6 Rxb6 32. Rd7 Rb5
33. Nh4 g6 34. f4 Ra5 35. Kf3 f5 36. g4 Ra2 37. gxf5 Rxh2 38. Ng2 gxf5 39. Rxd5
Rh5 40. Re5 1-0

[Event "DVM U12 2015"]
[Site "Magdeburg GER"]
[Date "2015.12.29"]
[Round "6"]
[White "Dunder, Tim"]
[Black "Handschuh, Felix"]
[Result "0-1"]
[Termination "normal"]
[Board "7.4"]
[WhiteElo "922"]
[BlackElo "1148"]
[WhiteTeam "SG Königskinder Hohentübingen"]
[BlackTeam "FC Ergolding 1932"]
[PlyCount "68"]
[BlackFideId "12997447"]
[EventCountry "GER"]
[EventRounds "7"]
[EventType "team-swiss"]
[EventDate "2015.12.26"]

1. e4 e6 2. d4 d5 3. exd5 exd5 4. c4 Nf6 5. Nc3 Bb4 6. Nf3 O-O 7. Bd3 Re8+ 8.
Be3 b6 9. O-O Ne4 10. Nxd5 Bd6 11. Qc2 f5 12. Rfe1 Na6 13. a3 c6 14. Nc3 Nxc3
15. Qxc3 c5 16. Rad1 Bb7 17. Bxf5 Bxf3 18. gxf3 cxd4 19. Bxd4 Qh4 20. Be5 Qg5+
21. Bg3 Bxg3 22. Bxh7+ Kxh7 23. fxg3 Rac8 24. b3 Qc5+ 25. Kg2 Rxe1 26. Rxe1
Qxa3 27. Ra1 Qe7 28. Rxa6 Qe2+ 29. Kg1 Qd1+ 30. Kf2 Re8 31. Kg2 Re2+ 32. Kh3
Qd7+ 33. g4 Qd6 34. Kh4 Qh6+ 0-1

[Event "DVM U12 2015"]
[Site "Magdeburg GER"]
[Date "2015.12.29"]
[Round "6"]
[White "Leonard, Timo"]
[Black "Liebold, Aaron"]
[Result "1-0"]
[Termination "normal"]
[Board "8.1"]
[WhiteElo "1880"]
[BlackElo "1666"]
[WhiteTeam "TuS Ende 1892"]
[BlackTeam "ESV Gera"]
[PlyCount "87"]
[WhiteFideId "16208757"]
[BlackFideId "12997846"]
[EventCountry "GER"]
[EventRounds "7"]
[EventType "team-swiss"]
[EventDate "2015.12.26"]

1. e4 c5 2. c3 d5 3. exd5 Qxd5 4. d4 cxd4 5. cxd4 Nc6 6. Nf3 Bg4 7. Nc3 Qd7 8.
d5 Bxf3 9. gxf3 a6 10. dxc6 Qxc6 11. Qa4 Qxa4 12. Nxa4 b5 13. Nc3 e6 14. Be3
Nf6 15. Bg2 Bb4 16. Ke2 O-O 17. Rhd1 Rac8 18. Rac1 Rfd8 19. Rxd8+ Rxd8 20. Ne4
Nd5 21. Rc6 f5 22. Nc3 Nxe3 23. fxe3 Rd6 24. f4 Kf7 25. Rxd6 Bxd6 26. Bb7 b4
27. Nd1 a5 28. Nf2 h6 29. Kf3 g5 30. Nd3 Kf6 31. e4 e5 32. fxe5+ Bxe5 33. Nxe5
Kxe5 34. exf5 Kxf5 35. Be4+ Ke5 36. Bh7 h5 37. Bg6 Kd4 38. Bxh5 Kd3 39. Bg6+
Kd2 40. Kg4 Kc1 41. Kxg5 Kxb2 42. Bf7 a4 43. h4 b3 44. Bxb3 1-0

[Event "DVM U12 2015"]
[Site "Magdeburg GER"]
[Date "2015.12.29"]
[Round "6"]
[White "Schubert, Nikita"]
[Black "Blinov, Sergei"]
[Result "1-0"]
[Termination "normal"]
[Board "8.2"]
[WhiteElo "1652"]
[BlackElo "1214"]
[WhiteTeam "ESV Gera"]
[BlackTeam "TuS Ende 1892"]
[PlyCount "151"]
[WhiteFideId "16212339"]
[EventCountry "GER"]
[EventRounds "7"]
[EventType "team-swiss"]
[EventDate "2015.12.26"]

1. d4 Nf6 2. Nf3 g6 3. e3 Bg7 4. Bd3 O-O 5. O-O d6 6. b3 Nbd7 7. Bb2 Re8 8. e4
e5 9. dxe5 Nxe5 10. Nxe5 dxe5 11. Nc3 b6 12. Bb5 Bd7 13. Bxd7 Qxd7 14. Qxd7
Nxd7 15. Nd5 Rac8 16. Ba3 Bf8 17. Bxf8 Kxf8 18. Rfd1 Nc5 19. f3 Ne6 20. c3 Nf4
21. Nxf4 exf4 22. Rd7 Red8 23. Rad1 Ke8 24. Rxd8+ Rxd8 25. Rxd8+ Kxd8 26. Kf2
Ke7 27. Ke2 Kd6 28. Kd3 b5 29. a3 c6 30. c4 Ke5 31. cxb5 cxb5 32. a4 bxa4 33.
bxa4 Kd6 34. Kc4 Kc6 35. e5 a6 36. Kd4 h6 37. Kc4 g5 38. h3 h5 39. Kd4 h4 40.
Kc4 a5 41. Kd4 Kd7 42. Kd5 Ke7 43. Kc5 Ke6 44. Kb5 Kxe5 45. Kxa5 Kd4 46. Kb5
Ke3 47. a5 Kf2 48. a6 Kxg2 49. a7 Kxf3 50. a8=Q+ Kg3 51. Qc8 f3 52. Qg4+ Kf2
53. Qxg5 Ke2 54. Qxh4 f2 55. Qe4+ Kf1 56. h4 Kg1 57. Qg4+ Kf1 58. h5 Ke1 59.
Qe4+ Kf1 60. h6 Kg1 61. Qg4+ Kf1 62. h7 Ke1 63. Qe4+ Kd1 64. Qf3+ Ke1 65. Qe3+
Kf1 66. h8=R Kg1 67. Rh1+ Kxh1 68. Qxf2 f5 69. Qxf5 Kg2 70. Kc4 Kg3 71. Kd3 Kg2
72. Ke3 Kg1 73. Qf2+ Kh1 74. Qe2 Kg1 75. Kf3 Kh1 76. Qg2# 1-0

[Event "DVM U12 2015"]
[Site "Magdeburg GER"]
[Date "2015.12.29"]
[Round "6"]
[White "Dehn, Lukas"]
[Black "Schulter, Moritz"]
[Result "1/2-1/2"]
[Termination "normal"]
[Board "8.3"]
[WhiteElo "1104"]
[BlackElo "1220"]
[WhiteTeam "TuS Ende 1892"]
[BlackTeam "ESV Gera"]
[PlyCount "42"]
[BlackFideId "16245067"]
[EventCountry "GER"]
[EventRounds "7"]
[EventType "team-swiss"]
[EventDate "2015.12.26"]

1. e4 e5 2. Nf3 Nc6 3. Bb5 a6 4. Bxc6 dxc6 5. Nc3 Bd6 6. d3 h6 7. O-O Be6 8.
Be3 Nf6 9. Ne2 c5 10. c3 Nd7 11. h3 f5 12. exf5 Bxf5 13. d4 Qe7 14. b3 O-O-O
15. Ng3 Bg6 16. Re1 e4 17. Nd2 Bxg3 18. fxg3 Rhe8 19. Qg4 Bh7 20. Re2 Kb8 21.
Rae1 Nf6 1/2-1/2

[Event "DVM U12 2015"]
[Site "Magdeburg GER"]
[Date "2015.12.29"]
[Round "6"]
[White "Helmsdorf, Marius"]
[Black "Rapoport, Valerie"]
[Result "1-0"]
[Termination "normal"]
[Board "8.4"]
[WhiteElo "1220"]
[BlackElo "1093"]
[WhiteTeam "ESV Gera"]
[BlackTeam "TuS Ende 1892"]
[PlyCount "119"]
[WhiteFideId "16274873"]
[BlackFideId "12952427"]
[EventCountry "GER"]
[EventRounds "7"]
[EventType "team-swiss"]
[EventDate "2015.12.26"]

1. d4 d5 2. c4 e6 3. Nc3 Nf6 4. Bg5 Nbd7 5. e3 c6 6. Nf3 Qa5 7. Qc2 Bb4 8. Bd3
dxc4 9. Bxc4 O-O 10. a3 c5 11. O-O cxd4 12. exd4 Bxc3 13. Qxc3 Qf5 14. Rac1 Re8
15. Be3 b5 16. Ba2 Nd5 17. Qd2 N7f6 18. h3 Bb7 19. Rfe1 Ne4 20. Qd3 b4 21. Bxd5
exd5 22. axb4 Re6 23. Ng5 Rf6 24. Nxe4 dxe4 25. Qe2 Rg6 26. Kh1 Bc8 27. Rc5 Qf6
28. Rec1 Qd8 29. Qc2 h6 30. Rxc8 Rxc8 31. Qxc8 Qxc8 32. Rxc8+ Kh7 33. Rc7 Rb6
34. Bd2 Rd6 35. Be3 Rb6 36. Rxa7 Rxb4 37. Rxf7 Rb8 38. Re7 Rxb2 39. Rxe4 Rb7
40. d5 Rd7 41. Rd4 Kg6 42. Kh2 Kf7 43. g4 Kf6 44. f4 g5 45. Kg3 Rd8 46. h4
gxf4+ 47. Kxf4 Rf8 48. g5+ hxg5+ 49. hxg5+ Kg6+ 50. Kg4 Rd8 51. d6 Kf7 52. Kf5
Rd7 53. g6+ Kg7 54. Bg5 Kg8 55. Bh6 Rd8 56. Kf6 Rd7 57. Rd3 Rd8 58. d7 Kh8 59.
Re3 Kg8 60. Re8+ 1-0